Normal view
MARC view
- J B. Barney
Entry Personal Name
001 - CONTROL NUMBER
- control field: 3134
003 - CONTROL NUMBER IDENTIFIER
- control field: OSt
005 - DATE AND TIME OF LATEST TRANSACTION
- control field: 20200610121538.0
008 - FIXED-LENGTH DATA ELEMENTS
- fixed length control field: 200610|| aca||aabn | a|a d
040 ## - CATALOGING SOURCE
- Original cataloging agency: OSt
- Transcribing agency: OSt
100 ## - HEADING--PERSONAL NAME
- Personal name: J B. Barney
670 ## - SOURCE DATA FOUND
- Source citation: Work cat.: (OSt)1812: J B. Barney, Gaining &Sustaining Competitive Advantage, c1996
